000 00431nam a22001697a 4500
003 CEME
005 20210628204023.0
008 210105b xxu||||| |||| 00| 0 eng d
020 _a185984457X
040 _cceme
082 _a320.557 TAR
100 _aTariq Ali
_99312
245 _aThe clash of fundamentalsisms, crusades, jihads and modernity
260 _aNEW YORK
_bVERSO
_c2002
300 _aXXXII,428P
942 _cBK
_2ddc
999 _c575894
_d575894